| 000 | 00787nam a2200265Ia 4500 | ||
|---|---|---|---|
| 003 | OSt | ||
| 005 | 20220918163318.0 | ||
| 006 | a|||||r|||| 00| 0 | ||
| 007 | ta | ||
| 008 | 220917b |||||||| |||| 00| 0 eng d | ||
| 020 | _a0 521 64246 9 (hbk) | ||
| 024 | _a240,807 | ||
| 037 | _cTextual | ||
| 040 |
_aARTS _cARTS _beng |
||
| 041 |
_2eng _aeng |
||
| 082 | _aO121,1C93:g, 111P2 | ||
| 100 |
_aWoodman Tony Ed. _912615 |
||
| 245 | 0 | _aTraditions and contexts in the poetry of horace | |
| 260 |
_aNew York _bCambridge University Press U.S.A _c2002 |
||
| 300 |
_ax, 271p. _ccm. |
||
| 650 | _aENGLISH LITERATURE | ||
| 700 |
_a Feeney Denis Ed. _912616 |
||
| 942 |
_hO121,1C93:g, 111P2 _cTEXL _2CC |
||
| 999 |
_c119047 _d119047 |
||